[Event "Zilina-ch"]
[Site "Zilina"]
[Date "2014.05.11"]
[Round "5"]
[White "Sevcikova, Lucia"]
[Black "Sedlacek, Richard"]
[Result "1-0"]
[WhiteElo "1193"]
[BlackElo "1540"]
[PlyCount "75"]
[EventDate "2014.05.09"]
[EventType "swiss"]
[EventRounds "6"]
[EventCountry "SVK"]
[SourceTitle "CBM 160 Extra"]
[Source "ChessBase"]
[SourceDate "2014.07.01"]
[SourceVersion "1"]
[SourceVersionDate "2014.07.01"]
[SourceQuality "1"]

1. e4 e5 2. Nf3 f6 3. Nxe5 g6 4. Nf3 c6 5. Bc4 Qb6 6. 0-0 d6 7. b3 Bg4 8. h3 h5 9. hxg4 hxg4 10. Nh2 g3 11. Nf3 Nd7 12. Bb2 0-0-0 13. Ng5 Rh5 14. Nf7 Re8 15. Nc3 f5 16. d3 Bg7 17. Nxd6+ Kd8 18. Nxe8 Kxe8 19. Bxg8 Bd4 20. Qd2 Qc7 21. exf5 gxf2+ 22. Rxf2 Qh2+ 23. Kf1 Bxf2 24. Kxf2 Rxf5+ 25. Ke1 Qg1+ 26. Ke2 Qf2+ 27. Kd1 Qg3 28. Qe2+ Kd8 29. Ne4 Qh4 30. Be6 Qh1+ 31. Kd2 Qh6+ 32. Qe3 Qf8 33. Bxf5 gxf5 34. Qg5+ Kc7 35. Nf6 Nc5 36. Qxf5 b6 37. Nd5+ cxd5 38. Qxf8 1-0

[Event "SVK-ch op"]
[Site "Banska Stiavnica"]
[Date "2013.07.11"]
[Round "6"]
[White "Sedlacek, Richard"]
[Black "Rendla, Karol"]
[Result "1-0"]
[WhiteElo "1628"]
[BlackElo "1453"]
[PlyCount "95"]
[EventDate "2013.07.06"]
[EventType "swiss"]
[EventRounds "9"]
[EventCountry "SVK"]
[SourceTitle "CBM 155 Extra"]
[Source "ChessBase"]
[SourceDate "2013.08.26"]
[SourceVersion "1"]
[SourceVersionDate "2013.08.26"]
[SourceQuality "1"]

1. e4 e5 2. Nf3 Nc6 3. Bc4 h6 4. a3 a6 5. d3 Bc5 6. Be3 Nd4 7. Nc3 d6 8. h3 Nf6 9. Qd2 Be6 10. 0-0-0 Nxf3 11. gxf3 Bxc4 12. dxc4 Bxe3 13. Qxe3 b6 14. f4 Qe7 15. f5 Nh7 16. Rhg1 Rg8 17. Qf3 0-0-0 18. Nd5 Qe8 19. Qd3 Kb7 20. Qb3 Ng5 21. Rg4 f6 22. a4 a5 23. Rd3 Rd7 24. Qa3 Nf7 25. b4 axb4 26. Qxb4 Qa8 27. Ra3 Qa5 28. Qb3 Nd8 29. Rg1 Nc6 30. c3 Rf7 31. Kc2 Qc5 32. Rf1 Na5 33. Qa2 Qxc4 34. Qxc4 Nxc4 35. Rb3 Ra8 36. Ra1 Ra7 37. Kd3 Na5 38. Rb2 Kc8 39. f3 Kd7 40. f4 Rf8 41. fxe5 dxe5 42. Rg1 Rg8 43. Nxf6+ Kd8 44. Nxg8 c6 45. Rxb6 Rd7+ 46. Kc2 Nc4 47. Rxc6 Rd2+ 48. Kc1 1-0

[Event "SVK-ch op"]
[Site "Banska Stiavnica"]
[Date "2013.07.06"]
[Round "1"]
[White "Kula, Dominik"]
[Black "Sedlacek, Richard"]
[Result "1-0"]
[WhiteElo "1906"]
[BlackElo "1628"]
[PlyCount "53"]
[EventDate "2013.07.06"]
[EventType "swiss"]
[EventRounds "9"]
[EventCountry "SVK"]
[SourceTitle "CBM 155 Extra"]
[Source "ChessBase"]
[SourceDate "2013.08.26"]
[SourceVersion "1"]
[SourceVersionDate "2013.08.26"]
[SourceQuality "1"]

1. e4 e5 2. Nf3 d6 3. d4 f6 4. Bc4 Bg4 5. Nc3 Nc6 6. dxe5 Nxe5 7. Nxe5 fxe5 8. Qxg4 Nf6 9. Qe2 Qd7 10. Be3 c6 11. f3 a6 12. Na4 Rb8 13. Nb6 Qe7 14. 0-0-0 Nd7 15. Nxd7 Qxd7 16. f4 Qe7 17. fxe5 Qxe5 18. Rhf1 Be7 19. Bf7+ Kd7 20. Bf4 Qa5 21. Qg4+ Kc7 22. Qe6 Bg5 23. Qxd6+ Kb6 24. Qc7+ Kb5 25. Bc4+ Kb4 26. a3+ Ka4 27. b3+ 1-0

[Event "Senica op 4th"]
[Site "Senica"]
[Date "2012.08.07"]
[Round "9"]
[White "Sedlacek, Richard"]
[Black "Celustka, Lukas"]
[Result "0-1"]
[WhiteElo "1175"]
[BlackElo "1189"]
[PlyCount "60"]
[EventDate "2012.08.03"]
[EventType "swiss"]
[EventRounds "9"]
[EventCountry "SVK"]
[SourceTitle "EXT 2014"]
[Source "ChessBase"]
[SourceDate "2013.11.20"]
[SourceVersion "1"]
[SourceVersionDate "2013.11.20"]
[SourceQuality "1"]

1. e4 e5 2. Bc4 Nf6 3. d3 Bc5 4. f4 exf4 5. Bxf4 c6 6. Qf3 Bxg1 7. Rxg1 Qb6 8. d4 Qxd4 9. e5 Qxg1+ 10. Ke2 Ng8 11. Be3 Qxh2 12. Qxf7+ Kd8 13. Qf8+ Kc7 14. Qd6+ Kd8 15. Bg5+ Ke8 16. Kf2 Nf6 17. exf6 Qxd6 18. f7+ Kf8 19. Nd2 Qc5+ 20. Be3 Qf5+ 21. Kg1 d5 22. Rf1 Qxf1+ 23. Kxf1 dxc4 24. Nxc4 Kxf7 25. Nd6+ Ke6 26. Ne4 Re8 27. Ke2 Nd7 28. Ng5+ Kf5 29. Nxh7 Kg6 30. Ng5 Rxe3+ 0-1

[Event "Senica op 4th"]
[Site "Senica"]
[Date "2012.08.06"]
[Round "6"]
[White "Kikinder, Roman"]
[Black "Sedlacek, Richard"]
[Result "1-0"]
[WhiteElo "2123"]
[BlackElo "1175"]
[PlyCount "57"]
[EventDate "2012.08.03"]
[EventType "swiss"]
[EventRounds "9"]
[EventCountry "SVK"]
[SourceTitle "EXT 2014"]
[Source "ChessBase"]
[SourceDate "2013.11.20"]
[SourceVersion "1"]
[SourceVersionDate "2013.11.20"]
[SourceQuality "1"]

1. e4 e5 2. Nf3 d6 3. c3 Be6 4. d4 f6 5. Bd3 c6 6. 0-0 Nd7 7. b3 Qc7 8. c4 exd4 9. Nxd4 Bf7 10. Be3 0-0-0 11. Be2 h5 12. Nc3 g5 13. Rc1 g4 14. b4 Ne5 15. Nd5 Qd7 16. Nf4 h4 17. Qa4 b6 18. b5 c5 19. Nc6 Nxc6 20. bxc6 Qc7 21. Bxg4+ Kb8 22. Be6 Be8 23. Bd5 Bf7 24. Bxf7 Qxf7 25. Nd5 Rc8 26. Rb1 Rh7 27. Nxb6 Kc7 28. Nxc8 Kxc8 29. Qa6+ 1-0

[Event "Zilina Region-ch"]
[Site "Zilina"]
[Date "2012.05.06"]
[Round "5"]
[White "Ardamica, Marek"]
[Black "Sedlacek, Richard"]
[Result "1-0"]
[WhiteElo "1577"]
[BlackElo "1175"]
[PlyCount "61"]
[EventDate "2012.05.04"]
[EventType "swiss"]
[EventRounds "7"]
[EventCountry "SVK"]
[SourceTitle "CBM 148 Extra"]
[Source "ChessBase"]
[SourceDate "2012.06.22"]
[SourceVersion "1"]
[SourceVersionDate "2012.06.22"]
[SourceQuality "1"]

1. e4 e5 2. Nf3 d6 3. d4 Nd7 4. Bc4 h6 5. c3 b6 6. Bd5 Rb8 7. 0-0 Ndf6 8. dxe5 Ng4 9. Bf4 Bb7 10. Bxb7 Rxb7 11. exd6 cxd6 12. Nd4 Qd7 13. Nf5 Kd8 14. Bxd6 Bxd6 15. Nxd6 Ke7 16. Nxb7 Qxb7 17. Qxg4 g6 18. h3 Nf6 19. Qe2 Re8 20. Nd2 Kf8 21. e5 Nd5 22. Qf3 Rxe5 23. c4 Rf5 24. Qe4 Qe7 25. cxd5 Qd8 26. Qb4+ Kg8 27. d6 Qg5 28. d7 Rf4 29. Qxf4 Qxf4 30. d8Q+ Kg7 31. Nf3 1-0

[Event "Zilina Region-ch"]
[Site "Zilina"]
[Date "2012.05.06"]
[Round "6"]
[White "Sedlacek, Richard"]
[Black "Kralik, Richard"]
[Result "0-1"]
[WhiteElo "1175"]
[BlackElo "1506"]
[PlyCount "98"]
[EventDate "2012.05.04"]
[EventType "swiss"]
[EventRounds "7"]
[EventCountry "SVK"]
[SourceTitle "CBM 148 Extra"]
[Source "ChessBase"]
[SourceDate "2012.06.22"]
[SourceVersion "1"]
[SourceVersionDate "2012.06.22"]
[SourceQuality "1"]

1. e4 e6 2. Bc4 d5 3. exd5 exd5 4. Bb3 Nf6 5. d3 Bf5 6. Bf4 Bd6 7. Bg5 h6 8. Bxf6 Qxf6 9. Nc3 c6 10. d4 0-0 11. Nge2 Qg6 12. g3 Re8 13. Qd2 b5 14. 0-0-0 a5 15. a4 b4 16. Na2 Bg4 17. Rhe1 Qh5 18. Nf4 Bxf4 19. Rxe8+ Kh7 20. Qxf4 Bxd1 21. Rxb8 Rxb8 22. Qxb8 Qe2 23. Kb1 Qxf2 24. Nc1 Qxd4 25. Qe8 Qb6 26. Qxf7 Bg4 27. Nd3 Qg1+ 28. Ka2 Qxh2 29. Ne5 Bh5 30. Qf5+ Kh8 31. Nxc6 Qe2 32. Qxd5 Kh7 33. Qg8+ Kg6 34. Nxa5 Bg4 35. Bc4 Qxc2 36. Bf7+ Kf6 37. Bb3 Qc1 38. Qf8+ Kg6 39. Qxb4 Bf5 40. Qd6+ Kh7 41. Ka3 Qa1+ 42. Kb4 Qxb2 43. Nc4 Qb1 44. Nd2 Qb2 45. a5 Be6 46. a6 Bc8 47. a7 Bb7 48. Nc4 Qa1 49. Qd4 Qxd4 0-1